00918nas a22002297i 45000010005000000030004000050050017000090070003000260080041000290220014000700240014000840240020000980400008001182450083001262600022002091100050002318660022002818660269003039420006005729990015005789520095005935888OSt20170126082350.0tu161220s xxu||||| |||| 00| 0 d a0012-54157 a58882RID7 a58882RSN (alt) cOSt00aDer DonauraumbZeitschrift des Institutes für den Donauraum und Mitteleuropa aWien :bBöhlau.2 aInstitut für den Donauraum und Mitteleuropa 0u1993 ff. - 2008/4 0uBestände unvollständig
letztes Heft: 2004 44/1-2
vorhanden:
1993 33/1
1995 35/1, 3-4
1996 36/1 - 1999 39/4
2000 40/3 - 2002 42/4
2003 43/1-4
200444/1-
fehlende Bestände:
1993 33/2-4
1995 34/2
2000 40/1-2, 4 cJ c5604d5604 00104070aBIBbBIBc1d2004-08-04i5888l0p10001297r2017-01-26 00:00:00w2017-01-26yJ